Представление документа в формате RUSMARC

Поле Инд. ПП Название Значение
Тип записи a
Библиографический уровень a
001 Контрольный номер 72bbf1f802894aa3a52b94a3dd8e89b0
005 Дата корректировки 20250418135743.5
100 a Данные общей обработки 20250418 ||| 0rusy0189 ca
101 0_ a Язык текста rus
102 a Страна публикации RU
200 1_ a Заглавие XXI конгресс МАУП "Искусственный интеллект и уголовное правосудие"
b Общее обозначение материала Электронный ресурс
200 1_ f Первые сведения об ответственности М. Новогонская, М. Филатова
210 1_ d Дата издания 2021
461 _0 1 2000
a Уголовное право
463 _0 1 2000
a № 2
b Электронный ресурс
v С. 54-65
1 2101
d 2021
1 001b3561b19d5144f28abefe6c2c88f4fb7
606 a Основная рубрика Право. Юридические науки
x Основная подрубрика Уголовное право
700 _1 a Фамилия Новогонская
b Имя М.
701 _1 a Фамилия Филатова
b Имя М.
801 _0 a Страна RU
b Организация РГУП
c Дата составления 20250418
g Правила каталогизации PSBO
801 _1 a Страна RU
b Организация РГУП
c Дата составления 20250418
g Правила каталогизации PSBO
856 4_ u URL https://dlib.eastview.com/browse/article/68886953/viewer?udb=12
901 t Тип документа b
w Контрольный № источника b3561b19d5144f28abefe6c2c88f4fb7
905 a Дата ввода 20250418